header

Study guide for Psychology (Record no. 258864)

MARC details
000 -LEADER
fixed length control field 00623nam a22002057a 4500
003 - CONTROL NUMBER IDENTIFIER
control field OSt
005 - DATE AND TIME OF LATEST TRANSACTION
control field 20200722111556.0
008 - FIXED-LENGTH DATA ELEMENTS--GENERAL INFORMATION
fixed length control field 200722b xxu||||| |||| 00| 0 eng d
020 ## - INTERNATIONAL STANDARD BOOK NUMBER
International Standard Book Number ISBN-10: 1256331406; ISBN-13: 9781256331407
040 ## - CATALOGING SOURCE
Transcribing agency n/a
050 ## - LIBRARY OF CONGRESS CALL NUMBER
Classification number BF141
Item number .S783 2007
100 ## - MAIN ENTRY--PERSONAL NAME
Personal name Green Jeffery D.; Jody L. Davis and Susan Burns
130 ## - MAIN ENTRY--UNIFORM TITLE
Uniform title Psychology
245 ## - TITLE STATEMENT
Title Study guide for Psychology
Statement of responsibility, etc Jeffrey D. Green , Jody L. Davis , Susan Burns
250 ## - EDITION STATEMENT
Edition statement custom edn
260 ## - PUBLICATION, DISTRIBUTION, ETC. (IMPRINT)
Place of publication, distribution, etc Toronto, Canada
Name of publisher, distributor, etc Pearson Education, Inc
Date of publication, distribution, etc c2007
300 ## - PHYSICAL DESCRIPTION
Extent xii;370p
Dimensions 28cm
650 ## - SUBJECT ADDED ENTRY--TOPICAL TERM
Topical term or geographic name as entry element Psychology
942 ## - ADDED ENTRY ELEMENTS (KOHA)
Source of classification or shelving scheme Library of Congress Classification
Koha item type Long Loan Books
Holdings
Withdrawn status Lost status Source of classification or shelving scheme Damaged status Not for loan Collection code Home library Current library Shelving location Date acquired Total Checkouts Full call number Barcode Date last seen Price effective from Koha item type
    Library of Congress Classification     Non-fiction Rongo University Library Rongo University Library General Stacks 22/07/2020   BF141 .S783 2007 201615149 22/07/2020 22/07/2020 Long Loan Books

© 2026 Rongo University
Contact us: librarian | system librarian | Rongo university